Rizq Ke Kunjia : (Record no. 179994)

000 -LEADER
fixed length control field 00466 a2200157 4500
003 - CONTROL NUMBER IDENTIFIER
control field NUST
005 - DATE AND TIME OF LATEST TRANSACTION
control field 20230221182630.0
040 ## - CATALOGING SOURCE
Transcribing agency Nust
082 ## - DEWEY DECIMAL CLASSIFICATION NUMBER
Classification number 297.3,ELA
100 ## - MAIN ENTRY--PERSONAL NAME
Personal name Elahi,Fazl
9 (RLIN) 109397
245 ## - TITLE STATEMENT
Title Rizq Ke Kunjia :
Remainder of title Quran o Sunnah ki Roshni main / رزق کی کنجیاں قرآن و سنت کی روشنی میں (Urdu) /
Statement of responsibility, etc. Prof Dr. Fazl Elahi
260 ## - PUBLICATION, DISTRIBUTION, ETC.
Place of publication, distribution, etc. lahore
Name of publisher, distributor, etc. Muktiba Qudsia
300 ## - PHYSICAL DESCRIPTION
Extent 95:p.
650 ## - SUBJECT ADDED ENTRY--TOPICAL TERM
Topical term or geographic name entry element islam
942 ## - ADDED ENTRY ELEMENTS (KOHA)
Source of classification or shelving scheme
Koha item type Book
Call number prefix 297.3,ELA
Holdings
Withdrawn status Lost status Source of classification or shelving scheme Damaged status Not for loan Permanent Location Current Location Shelving location Date acquired Full call number Barcode Date last seen Price effective from Koha item type Public note
          Military College of Signals (MCS) Military College of Signals (MCS) General Stacks 12/12/2016 297.3,ELA MCS33560 12/08/2016 12/12/2016 Book Almirah No.64, Shelf No.1
© 2023 Central Library, National University of Sciences and Technology. All Rights Reserved.